Quiz Revisão História - 4º ano - Statistics

Estatísticas Gerais
  • Esse quiz foi jogado 562 vezes
  • A pontuação média é 6 de 10
Estatísticas das Respostas
Questão Resposta % Correto
Marque a opção que apresenta o nome dos trabalhadores que eram responsáveis pelas vendas dos produtos. Comerciantes
87%
Como era chamado o caminho percorrido pelos produtos e comerciantes para chegarem aos seus destinos finais? Rotas comerciais
85%
Qual é o nome dado ao produto utilizado pelos povos romanos como forma de pagamento pelo trabalho realizado? Dica: Foi essa prática que deu origem à palavra "salário". Sal
78%
Qual é o nome dado à prática de trocas naturais, sem regras estabelecidas? Escambo
70%
Sobre o comércio com moedas, marque a alternativa correta. Os papéis-moedas emitidos pelos banqueiros eram trocados pelos metais nobres que os comerciantes entregavam a eles.
57%
Sobre o início e a expansão do comércio, marque a opção CORRETA. A produção de excedentes possibilitou a troca entre os membros das comunidades.
52%
Quem foi Marco Polo? Comerciante
50%
Sobre Marco Polo, marque a opção INCORRETA. Ele virou imperador em terras orientais.
46%
Como os cambistas se tornaram banqueiros? Os cambistas começaram a aceitar guardar valores dos comerciantes e em troca, emitiam certificados que comprovavam o depósito. Com isso, os banqueiros podiam emprestar esse dinheiro, que não era seu, em troca de juros. Assim eles foram acumulando riquezas.
46%
Quem foram os cambistas? Trabalhadores que faziam a avaliação das moedas, trocava moedas para facilitar as operações comerciais.
35%
Nenhum quiz correspondente encontrado
Distribuição das Pontuações
Porcentagem de Pessoas com Cada Pontuação
Percentil de Números Respondidos
Sua Pontuação Histórica
Você não jogou esse quiz